Indovina il Paese dall'Isola #3 - Statistics

Statistiche generali
  • Questo quiz è stato fatto 42 volte
  • Il punteggio medio è 8 su 15
Statistiche sulle risposte
Isola Stato % Corretto
Elba Italia
100%
Lampedusa Italia
98%
Svalbard Norvegia
90%
Isola di Pasqua Cile
83%
Jersey Regno Unito
80%
Mayotte Francia
76%
Hainan Cina
63%
Saint Thomas Stati Uniti
56%
Chiloé Cile
46%
Flores Indonesia
41%
Saipan Stati Uniti
41%
Rodrigues Mauritius
22%
Nuova Britannia Papua Nuova Guinea
22%
Pico Portogallo
20%
Gorgona Colombia
5%
Nessun quiz corrispondente trovato
Distribuzione punteggi
Percentuale di utenti per punteggio
Percentile per numero di risposta
I tuoi punteggi nel tempo
Non hai fatto questo quiz